00622cam a22001812 4500001001100000005001700011008004100028020001700069040001500086050002300101100004200124245003300166250001200199260005200211300010100263504005100364650002500415000000458420151217145817.0070525s xx 000 0 eng d a0805319573 : aKABUcKABU 0aQH308.2b.C36 19961 aCampbell, Neil A,d1946-.@000015521910aBiology /cNeil A. Campbell. a4th ed. aMenlo Park, Calif :bBenjamin Cummings,cc1996. a1 v. (various pagings) :bill. (some col.) ;c29 cm +e1 computer laser optical disc (4 3/4 in.) aIncludes bibliographical references and index. 0aBiology.@0000003707